CLT Comparada Conforme a reforma trabalhista /

Detalles Bibliográficos
Autor principal: Scalřcio, Marcos
Formato: eBook
Lenguaje:portugués
Publicado: San Pablo: LTR, 2018
Materias:
Acceso en línea:Acceso restringido

MARC

LEADER 00000nam a22000007a 4500
005 20180719131541.0
007 cr|||| ||||
008 180719s2018 br |||||s|||| 00||0 por d
020 |a 978-85-361-9583-4 
035 |a 21788 
040 |a vLex 
090 |c 8059  |d 8059 
100 1 |a Scalřcio, Marcos 
245 1 0 |a CLT Comparada  |h [Recurso electrn̤ico] :  |b Conforme a reforma trabalhista /  |c Marcos Scalřcio 
256 |a Servicio en ln̕ea 
260 |a San Pablo:  |b LTR,  |c 2018 
300 |a 1 recurso electrn̤ico 
506 1 |a Disponible solo en los productos indicados  |d vLex Global  |d vLex Global (Academic Edition, excluding Law Schools)  |d vLex Global (U.S. Academic Edition, Law Schools)  |d vLex Global (U.S. Academic Edition, excluding Law Schools)  |d vLex Global (Academic Edition, Law Schools) 
650 0 4 |a Derecho Laboral y Seguridad Social  |z Brasil 
650 0 4 |a Derecho Constitucional  |z Brasil 
740 0 |a vLex Libros (Servicio en ln̕ea) 
856 4 0 |u http://vlex.com/source/clt-comparada-conforme-a-reforma-trabalhista-21788  |z Acceso restringido 
942 |c BOOK 
999 0 |a Labor Law and Social Security 
999 0 |a Constitutional Law